000 00787cab a2200193 4500
001 WB2918-20
008 090401t1993 xxu||||| |||| 00| 0 eng d
035 _a(Sirsi) u25251
041 _aeng
245 _aConcessionary rent calculation
260 _c1993
350 _a0
490 _aEstates Gazette Case Summaries
_v(1993) EGCS 81(1) (8/5/93)
520 _a"MoD v Thompson" CA 21 April 1993. Appeal by MoD against a court order granting entitlement to mesne profits based on the actual, concessionary rent rather than the market value. Held in MoD`s favour, that the issue in question was the value of the benefit received by T.
650 _aMINISTRY OF DEFENCE V ASHMAN
690 _aLANDLORD AND TENANT-CASE LAW-RESIDENTIAL TENANCIES
942 _n0
948 _c04/03/1997
999 _c16948
_d16948